| 000 | 00575nam a22001937a 4500 | ||
|---|---|---|---|
| 003 | OSt | ||
| 005 | 20260421085404.0 | ||
| 008 | 260421b |||||||| |||| 00| 0 eng d | ||
| 020 | _a0-310-22920-0 | ||
| 040 |
_aDWCL-Main lib _cOC |
||
| 082 | _aCirc. 202.4 C888c 1968 | ||
| 100 | _aCruden, Alexander | ||
| 245 |
_aCruden's complete concordance to the old and new testaments/ _cCruden, Alexander |
||
| 260 |
_aU.S.A. : _bZondervan pub. house, _cc1968. |
||
| 300 |
_a803 p. ; _c22 cm. |
||
| 700 | _aAdams, A.D. | ||
| 700 | _aIrwin, C.H. | ||
| 942 |
_2ddc _cBK-CIRC _hCirc. _n0 |
||
| 999 |
_c9616 _d9616 |
||